| 000 | 00508cam a2200193ua 4500 | ||
|---|---|---|---|
| 020 | _c8.95 | ||
| 041 |
_aeng _h |
||
| 082 |
_a519.2 _bWAD/IN |
||
| 100 | _aWadsworth, George P . | ||
| 245 |
_aIntroduction to probability and random variables / _cGeorge P Wadsworth. _hTextual Documents |
||
| 250 |
_a1 / _b. |
||
| 260 |
_aNew York : _bMcGraw Hill Book Company , _c1960. |
||
| 300 | _a292 ; . | ||
| 365 | _a8.95 | ||
| 504 | _a | ||
| 700 | 1 | _aBryan, Joseph G. | |
| 942 | _cBK | ||
| 999 |
_c9982 _d9982 |
||